000 00338nam a2200133Ia 4500
005 20260326235440.0
008 260326s9999||||xx |||||||||||||| ||und||
100 _aFernández, Jorge Juan
245 0 _aMuseos de Castilla y León /
_cJorge Juan Fernández
260 _bGráficas Varona
300 _a141 p.
650 _aARTE
942 _cBK
999 _c7367
_d7367